000 01245nam a2200289 i 4500
003 DO-SdBNP
005 20260313094527.0
007 ta
008 230601b1993 sp ||||| |||| 00| 0 spa d
040 _aDO-SdBNP
_bspa
_cBNPHU
_erda
041 _aspa
082 4 _a370.9
_bS237e
_222
100 _aSantos Hernández, Roberto,
_d1948-
_eautor
_4aut.
_931139
245 1 3 _aLa educación desde el antiguo oriente al Plan Decenal en República Dominicana /
_cRoberto Santos Hernández
250 _aPrimera edición
264 1 _aSanto Domingo :
_bEditora Alfa y Omega
_c1993.
300 _a286 páginas ;
_c22 cm.
336 _atexto
_btxt
_2rdacontent
337 _asin mediación
_bn
_2rdamedia
338 _avolumen
_bnc
_2rdacarrier
505 _aObjeto de estudio de la Historia de la Educación Universal y Dominicana, 13 -- Modos de producción y educación, 21-- El tradicionalismo pedagógico oriental,51 -- La educación clásica, 77 -- La educación Nacional, antecedentes: La educación pre-colombina,113 --La educación nacional en la actualidad, 173
590 _aInventariado, 2023/DG
650 4 _aPlanificación educativa
_zRepública Dominicana
_917113
650 4 _aDemografía
_eautor
_945443
910 _aDG
942 _2ddc
_cLBS1
999 _c54335
_d54335